Responses for Show #2812 - Tuesday, November 19, 1996

1996 Tournament of Champions quarterfinal game 2.

Contestants

[<< previous game]

David Cuneo, a Seniors Tournament winner from Reisterstown, Maryland

Beverly Spurs, a podiatrist from Concord, California

Bernie Cullen, a graduate student from Chicago, Illinois

[next game >>]

Jeopardy! Round responses

WORLD EXPLORATION
AMERICANA
MOVIE CLASSICS
HEALTH & MEDICINE
ANIMALS
"D" IN COOKING
    $100 3
Antarctica

David
    $100 14
Little Rock

David
    $100 26
The Wizard of Oz

Beverly
    $100 8
migraines

Bernie
    $100 17
the elephant

Bernie
    $100 1
dill

Bernie
    $200 4
(Vitus) Bering

Bernie
    $200 15
Brigham Young

David
    $200 27
Buddy Ebsen

Beverly
    $200 9
the Fallopian tubes

Beverly
    $200 18
(David: Um... What is a wombat?)

a duck-billed platypus (or echidna)

BeverlyDavid
    $200 2
Dijon

David
    $300 5
(Captain) Cook

David
    $300 16
George Washington

Beverly
    $300 28
The Maltese Falcon

Beverly
    $300 10
Novocaine

Bernie
    $300 19
(David: What is a musk?)

a yak

BeverlyDavid
    $300 11
(David: What is Dutch?)
(Alex: ...I need the--little bit more from you.)
(David: Um... Pennsylvania Dutch?)
...
(Alex: [To Beverly] Yes, the pot.)

a Dutch oven

BeverlyDavid
    $400 6
La Salle

David
    $400 21
Virginia City

David
    $1,000 29
Gilda

Beverly
    $400 12
cirrhosis

Bernie
    $400 20
a narwhal

David
    $400 24
divinity

Beverly
    $500 7
Vancouver

Beverly
    $500 22
Vermont

Bernie
    $500 30
(David: What is... Bus Stop?)

Picnic

BeverlyDavid
    $500 13
whooping cough

David
    $500 23
the lungfish

Bernie
    $500 25
dredge

Beverly

Scores at the first commercial break (after clue 14):

Bernie Beverly David
$1,100 $1,000 $1,300

Scores at the end of the Jeopardy! Round:

Bernie Beverly David
$2,200 $4,800 $1,300

Double Jeopardy! Round responses

LAKES & RIVERS
PHARAOHS
MUSIC
MORE THAN 13-LETTER WORDS
(Alex: Watch out for that one!)
FICTIONAL CHARACTERS
FLORAL POTPOURRI
    $200 1
Hawaii

David
    $200 6
King Tut

David
    $200 9
synthesizer

Beverly
    $200 26
miniaturization

David
    $200 13
(David: Who is Bill Sikes?)

the Artful Dodger

BeverlyDavid
    $200 10
Bloom

David
    $400 2
The River Jordan

David
    $400 7
Sinai Peninsula

Bernie
    $400 18
natural

Triple Stumper
    $400 27
groundbreaking

Bernie
    $400 14
Hercule Poirot

David
    $400 20
Jack-in-the-Pulpit

Bernie
    $600 3
New Jersey

David
    $600 8
Khufu/Cheops

Beverly
    $600 19
riff

Beverly
    $600 29
circumnavigate (circumnavigation accepted)

David
    $600 15
Anna Karenina

Bernie
    $600 21
marigold

Triple Stumper
    $1,500 4
(David: What is Loch Ness?)
(Alex: Ooh, I thought you might say that if you didn't go for the other one, which is, "What is [*]?")

Loch Lomond

David
    $800 11
The Valley of the Kings

Bernie
    $800 24
Leonard Bernstein

David
    $800 30
(Beverly: What is spacewalking?)

extravehicular

Beverly
Triple Stumper
    $800 16
P.G. Wodehouse

David
    $800 22
forget-me-not

Triple Stumper
    $1000 5
(David: What is the Volga?)

the Dnieper

BernieDavid
    $1000 12
Akhenaton

David
    $1000 25
(Alex: With a minute to go.)

George Winston

Beverly
    $1000 28
(Beverly: What is a dendrologist?)
...
(Alex: Beverly, you were on the right track--you didn't have enough letters.)

dendrochronologist

Beverly
Triple Stumper
    $1,400 17
Bret Harte

David
    $1000 23
Iris

Beverly

Scores at the end of the Double Jeopardy! Round:

Bernie Beverly David
$5,800 $6,600 $5,400

Final Jeopardy! Round responses

PATRON SAINTS
DavidWho is Paul Patrick
$5,400
BernieWho is George?
$5,001
BeverlyWho was St. Anthony?
$5,100
St. Anthony of Padua

Final scores:

Bernie Beverly David
$799 $11,700 $0
2nd place: $1,000 if eliminated Automatic semifinalist 3rd place: $1,000 if eliminated

Game dynamics:

Coryat scores:

Bernie Beverly David
$5,800 $6,000 $6,500
14 R,
0 W
19 R
(including 1 DD),
2 W
21 R
(including 1 DD),
7 W
(including 1 DD)

Combined Coryat: $18,300

[game clues] [game scores] [suggest correction]

Game tape date: 1996-10-08
The J! Archive is created by fans, for fans. Scraping, republication, monetization, and malicious use prohibited; this site may use cookies and collect identifying information. See terms. The Jeopardy! game show and all elements thereof, including but not limited to copyright and trademark thereto, are the property of Jeopardy Productions, Inc. and are protected under law. This website is not affiliated with, sponsored by, or operated by Jeopardy Productions, Inc. Join the discussion at JBoard.tv.